Fr. Conceicao Rodrigues College of Engineering

Basic circuit Analysis (Record no. 33168)

MARC details
000 -LEADER
fixed length control field 00350nam a2200157Ia 4500
082 ## - DEWEY DECIMAL CLASSIFICATION NUMBER
Classification number 621.38132
Item number PAN
100 ## - MAIN ENTRY--PERSONAL NAME
Personal name Cunningham/D.R./ Stuller/ J.A.
245 ## - TITLE STATEMENT
Title Basic circuit Analysis
260 ## - PUBLICATION, DISTRIBUTION, ETC.
Name of publisher, distributor, etc. Jaico Pub
Place of publication, distribution, etc. New Delhi
Date of publication, distribution, etc. 1993
300 ## - PHYSICAL DESCRIPTION
Extent 881
490 ## - SERIES STATEMENT
Volume/sequential designation 27
546 ## - LANGUAGE NOTE
Language note ENGLISH
654 ## - SUBJECT ADDED ENTRY--FACETED TOPICAL TERMS
Focus term circuit Analysis
942 ## - ADDED ENTRY ELEMENTS (KOHA)
Koha item type BOOK
Holdings
Withdrawn status Lost status Damaged status Not for loan Collection Home library Current library Shelving location Date acquired Cost, normal purchase price Total Checkouts Full call number Barcode Date last seen Cost, replacement price Price effective from Koha item type
        CRC Fr. Agnel's C.Rodrigues College of Engineering Fr. Agnel's C.Rodrigues College of Engineering   17/03/2023 1200.00   621.38132 PAN 5761 17/03/2023 1200.00 17/03/2023 BOOK